000 00455nam a2200157Ia 4500
008 240729s9999 xx 000 0 und d
022 _a2075-9517
245 0 _aJeDEM - eJournal of eDemocracy & Open Government
260 _aAustria
260 _bDanube-University Krems
650 _a Political science (General)
650 _aPolitical science
856 _uhttps://doaj.org/toc/aa2ffb7e0e9344279d965e9e9ddc49ae
942 _2ddc
942 _cDOAJEJ
999 _c72035
_d72035
945 _a1
_bMadushi Gamage
_c1
_dMadushi Gamage